000 00773nam a22001697a 4500
005 20230614134400.0
008 230614b ||||| |||| 00| 0 eng d
020 _a9789988144128
050 _aHD9577.A2 A83
100 _9Asamoah, Joe
245 _aThe global oil and gas bonanza: Africa's share /
_cJoe Asamoah.
260 _aAccra:
_bJoasa Publications,
_c2012.
300 _axiv, 156p.:
_bills;
_c24 cm.
500 _aIncludes references.
505 _aCONTENTS: Marine oil spills -- Oil blessings: Global examples -- LNG -- Operating within reasonable greed: Thinking aloud -- Discoveries in existing hydrocarbon provinces in sub-saharan Africa -- Local content in the oil and gas industry -- Environmental management & legislation in the industry.
942 _2lcc
_cBK
999 _c9680
_d17180